000 00815cam a22002653a 4500
001 16230
003 PGUSA
005 20140828083339.0
008 050707s2005||||xxu|||||s|||||000 | eng d
040 _aPGUSA
_beng
042 _adc
050 4 _aRC
100 1 _aMitchell, S. Weir
_q(Silas Weir),
_d1829-1914
245 1 0 _aFat and Blood :
_bAn Essay on the Treatment of Certain Forms of Neurasthenia and Hysteria
_h[electronic resource] /
_cS. Weir Mitchell
260 _bProject Gutenberg,
_c2005
506 _aPublic domain in the USA.
516 _aElectronic text
653 _aNeurasthenia
653 _aHysteria
653 _aRest
700 1 _aMitchell, John K.
_q(John Kearsley),
_d1859-1917
830 0 _aProject Gutenberg
_v16230
856 4 0 _uhttp://www.gutenberg.org/ebooks/16230
942 _cEB
999 _c245485
_d245485